Advanced accounting

Saved in:
Bibliographic Details
Main Author: Griffin, Charles H.
Other Authors: Williams, Thomas Howard, Larson, Kermit D.
Format: Book
Language:English
Published: Homewood, Ill. : R. D. Irwin, 1971
Series:Willard J. Graham series in accounting
Subjects:
Tags: Add Tag
No Tags, Be the first to tag this record!

MARC

LEADER 00000cam a2200000 i 4500
001 1/6818
008 000617s1971 eng d
035 |l 10062067 
040 |a GR-MY-UA  |b gre  |e aacr 
041 0 |a eng 
082 0 |a 657.046 
100 1 |a Griffin, Charles H. 
245 1 0 |a Advanced accounting /  |c Charles H. Griffin, Thomas H. Williams, Kermit D. Larson 
260 |a Homewood, Ill. :   |b R. D. Irwin,   |c 1971 
300 |a xvi, 870 p.  |b fig., tables 
490 1 |a Willard J. Graham series in accounting 
504 |a Index: p. 857-870 
650 0 0 |a Accounting. 
700 1 |a Williams, Thomas Howard. 
700 1 |a Larson, Kermit D. 
830 0 |a Willard J. Graham series in accounting 
852 |a INST  |b LESVOS  |e 20000617  |h 657.046 GRI  |p 005100020924  |q 005100020924  |t BK  |y 0 
909 |a Λ  |b 072895 
970 |z 2000/06/ΟΙΚΟΝΟΜΟΠΟΥΛΟΥ ΧΡΙΣΤΙΝΑ